| 000 | 00000cam 2200000zi 4500 |
| 001 | 9.920473 |
| 003 | CaOODSP |
| 005 | 20260114151634 |
| 006 | m o d f |
| 007 | cr cn||||||||| |
| 008 | 230228t20232023quc o f000 0 fre d |
| 020 | |a9780660478425 |
| 040 | |aCaOODSP|bfre|erda|cCaOODSP |
| 043 | |an-cn--- |
| 086 | 1 |aR118-3/2023F-PDF |
| 245 | 00|aRapport de la table ronde des dirigeants et représentants autochtones et des ministres fédéraux, provinciaux et territoriaux sur les femmes, les filles et les personnes 2ELGBTQI+ autochtones disparues et assassinées. |
| 264 | 1|a[Gatineau, Québec] : |bGouvernement du Canada = Government of Canada, |c[2023] |
| 264 | 4|c©2023 |
| 300 | |a1 ressource en ligne (18 pages) |
| 336 | |atexte|btxt|2rdacontent/fre |
| 337 | |ainformatique|bc|2rdamedia/fre |
| 338 | |aressource en ligne|bcr|2rdacarrier/fre |
| 500 | |aTitre de la couverture. |
| 500 | |a« 10 janvier 2023. » |
| 500 | |aPublié par Relations Couronne-Autochtones et affaires du Nord Canada. |
| 500 | |aPublié aussi en anglais sous le titre : Report on the Roundtable of Indigenous Leaders and representatives and federal-provincial-territorial Ministers on Missing and Murdered Indigenous Women, Girls and 2SLGBTQI+ People. |
| 520 | |a« Le 10 janvier 2023, la toute première Table ronde des dirigeants et représentants autochtones et des ministres fédéraux, provinciaux et territoriaux sur les femmes, les filles et les personnes 2ELGBTQI+ autochtones disparues et assassinées s'est déroulé dans un cadre virtuel. Plus de 250 femmes autochtones, survivantes, membres de famille et membres d'une vaste série d'organismes autochtones y ont pris part, ainsi que des ministres fédéraux, provinciaux et territoriaux clés chargés, entre autres, de rendre des comptes sur les femmes, les filles et les personnes 2ELGBTQI+ autochtones disparues et assassinées » -- Sommaire, page [1]. |
| 650 | 6|aAutochtones|xCrimes contre|zCanada. |
| 650 | 6|aFemmes autochtones|xViolence envers|zCanada. |
| 650 | 6|aEnfants autochtones|xViolence envers|zCanada. |
| 650 | 6|aMinorités sexuelles|xViolence envers|zCanada. |
| 710 | 1 |aCanada. |bRelations Couronne-Autochtones et affaires du Nord Canada, |eorganisme de publication. |
| 775 | 08|tReport on the Roundtable of Indigenous Leaders and representatives and federal-provincial-territorial Ministers on Missing and Murdered Indigenous Women, Girls and 2SLGBTQI+ People.|w(CaOODSP)9.920472 |
| 856 | 40|qPDF|s1.24 Mo|uhttps://publications.gc.ca/collections/collection_2023/rcaanc-cirnac/R118-3-2023-fra.pdf |
| 856 | 4 |qHTML|sS.O.|uhttps://www.rcaanc-cirnac.gc.ca/fra/1679082753194/1679082861365 |